00619aas a2200169 4500001001000000003001000010005001700020008004100037022001400078040004100092041000800133100003100141245008600172300005800258546002200316773011100338768714001CO-MdFUSB20170901104932.0170901s1999 uk ||||| |||| 00| 0 eng d a1361-7710 aCO-MdFUSBbspacCO-MdFUSBdCO-MdFUSB aeng1 aAlexander, Denis R.eautor10aCan science explain everything? :bscientific naturalism and the death of science aVolumen 8. Número 2 (1999), páginas 1-4c: 30 cm. aTexto en inglés0 tCambridge papers : towards a biblical mind049493gVolumen 8. Número 2 (1999), páginas 1-4qPágina 1